000 00808nam a2200229 a 4500
001 49096
003 BD-RjUL
005 20211209054632.0
008 160817s19541951ii ||||| |||| 00| 0 ben d
020 _c: Tk.2.00
035 _a(BD-RjUL)49215
040 _aBD-RjUL
_bben
_cBD-RjUL
_dBD-RjUL
041 _aben
082 _223
_a891.441
_bBIS 1954
100 _aবিশী, শ্রীপ্রমথনাথ
_9123688
245 1 0 _aহংসমিথুন /
_cশ্রীপ্রমথনাথ বিশী
260 _aকলিকাতা :
_bমিত্র ও ঘোষ,
_c১৯৫১[পুনমুদ্রন ১৯৫৪]
300 _a৭৪ পৃ. ;
_c২১ সেমি.
650 _aবাংলা কবিতা
_9147678
650 _aBengali poetry
_9147679
942 _2ddc
_cBK
999 _c49096
_d49096